<?xml version="1.0" encoding="UTF-8"?>
<record
    xmlns:xsi="http://www.w3.org/2001/XMLSchema-instance"
    xsi:schemaLocation="http://www.loc.gov/MARC21/slim http://www.loc.gov/standards/marcxml/schema/MARC21slim.xsd"
    xmlns="http://www.loc.gov/MARC21/slim">

  <leader>01580nam a2200361 i 4500</leader>
  <controlfield tag="003">OSt</controlfield>
  <controlfield tag="008">221204t20042004ii     g      000 0 tam d</controlfield>
  <datafield tag="020" ind1=" " ind2=" ">
    <subfield code="a">9788184022315</subfield>
    <subfield code="c">RM45.00</subfield>
    <subfield code="q">paperback</subfield>
  </datafield>
  <datafield tag="040" ind1=" " ind2=" ">
    <subfield code="a">PPAK</subfield>
    <subfield code="b">eng</subfield>
    <subfield code="c">PPAK</subfield>
    <subfield code="e">rda</subfield>
  </datafield>
  <datafield tag="041" ind1="1" ind2=" ">
    <subfield code="a">tam</subfield>
    <subfield code="h">eng</subfield>
  </datafield>
  <datafield tag="082" ind1="0" ind2="4">
    <subfield code="2">23</subfield>
    <subfield code="a">954.053092</subfield>
  </datafield>
  <datafield tag="090" ind1="0" ind2="0">
    <subfield code="a">954.053092</subfield>
    <subfield code="b">ABD</subfield>
    <subfield code="d">G</subfield>
  </datafield>
  <datafield tag="100" ind1="1" ind2=" ">
    <subfield code="6">880-01</subfield>
    <subfield code="a">Abdul Kalam, A. P. J.,</subfield>
    <subfield code="q">(Avul Pakir Jainulabdeen), </subfield>
    <subfield code="d">1931-2015</subfield>
    <subfield code="e">author.</subfield>
  </datafield>
  <datafield tag="245" ind1="1" ind2="0">
    <subfield code="6">880-02</subfield>
    <subfield code="a">Akn&#x332;ic cir&#x332;akuka&#x1E37; : </subfield>
    <subfield code="b">m&#x101;&#x1E47;avar patippu /</subfield>
    <subfield code="c">A.P.J. Abdul Kalam, Arun Tiwari ; Translated in Tamil by Mu Shivalingam</subfield>
  </datafield>
  <datafield tag="246" ind1="3" ind2="3">
    <subfield code="i">Translation of:</subfield>
    <subfield code="b">Wing of Fire</subfield>
  </datafield>
  <datafield tag="250" ind1=" " ind2=" ">
    <subfield code="a">Forty Nineth edition : August, 2021</subfield>
  </datafield>
  <datafield tag="264" ind1=" " ind2="1">
    <subfield code="a">Cen&#x332;n&#x332;ai, India : </subfield>
    <subfield code="b">Ka&#x1E47;&#x1E47;at&#x101;can&#x332; Patippakam, </subfield>
    <subfield code="c">2004</subfield>
  </datafield>
  <datafield tag="264" ind1=" " ind2="4">
    <subfield code="c">&#xA9;2004</subfield>
  </datafield>
  <datafield tag="300" ind1=" " ind2=" ">
    <subfield code="a">230 pages</subfield>
    <subfield code="c">18 cm.</subfield>
  </datafield>
  <datafield tag="336" ind1=" " ind2=" ">
    <subfield code="a">text</subfield>
    <subfield code="2">rdacontent</subfield>
  </datafield>
  <datafield tag="337" ind1=" " ind2=" ">
    <subfield code="a">unmediated</subfield>
    <subfield code="2">rdamedia</subfield>
  </datafield>
  <datafield tag="338" ind1=" " ind2=" ">
    <subfield code="a">volume</subfield>
    <subfield code="2">rdacarrier</subfield>
  </datafield>
  <datafield tag="504" ind1=" " ind2=" ">
    <subfield code="a">Includes bibliographical references.</subfield>
  </datafield>
  <datafield tag="546" ind1=" " ind2=" ">
    <subfield code="a">Text in Tamil</subfield>
  </datafield>
  <datafield tag="600" ind1="0" ind2="0">
    <subfield code="a">Abdul Kalam, A. P. J.,</subfield>
    <subfield code="q">(Avul Pakir Jainulabdeen),</subfield>
    <subfield code="d">1931-2015</subfield>
  </datafield>
  <datafield tag="650" ind1="1" ind2="0">
    <subfield code="a">Presidents</subfield>
    <subfield code="v">Biography</subfield>
    <subfield code="z">India</subfield>
  </datafield>
  <datafield tag="650" ind1="2" ind2="0">
    <subfield code="a">Scientists </subfield>
    <subfield code="z">India</subfield>
  </datafield>
  <datafield tag="700" ind1="1" ind2=" ">
    <subfield code="a">Tiwari, Arun,</subfield>
    <subfield code="e">author.</subfield>
    <subfield code="d">1955-</subfield>
  </datafield>
  <datafield tag="700" ind1="1" ind2=" ">
    <subfield code="a">Shivalingam, Mu,</subfield>
    <subfield code="e">translator.</subfield>
  </datafield>
  <datafield tag="880" ind1="1" ind2=" ">
    <subfield code="6">100-01</subfield>
    <subfield code="a">&#xB85;&#xBAA;&#xBCD;&#xBA4;&#xBC1;&#xBB2;&#xBCD; &#xB95;&#xBB2;&#xBBE;&#xBAE;&#xBCD;, &#xB8F;. &#xBAA;&#xBBF;. &#xB9C;&#xBC6;.,</subfield>
    <subfield code="q">(Avul Pakir Jainulabdeen), </subfield>
    <subfield code="d">1931-2015</subfield>
    <subfield code="e">&#xB86;&#xB95;&#xBCD;&#xB95;&#xBBF;&#xBAF;&#xBCB;&#xBA9;&#xBCD;.</subfield>
  </datafield>
  <datafield tag="880" ind1="1" ind2="0">
    <subfield code="6">245-02</subfield>
    <subfield code="a">&#xB85;&#xB95;&#xBCD;&#xBA9;&#xBBF;&#xB9A;&#xBCD; &#xB9A;&#xBBF;&#xBB1;&#xB95;&#xBC1;&#xB95;&#xBB3;&#xBCD; /</subfield>
    <subfield code="c">&#xB86;. &#xBAA;. &#xB9C;&#xBC6;. &#xB85;&#xBAA;&#xBCD;&#xBA4;&#xBC1;&#xBB2;&#xBCD; &#xB95;&#xBB2;&#xBBE;&#xBAE;&#xBCD;, &#xB85;&#xBB0;&#xBC1;&#xBA3;&#xBCD; &#xBA4;&#xBBF;&#xBB5;&#xBBE;&#xBB0;&#xBBF; ; &#xBA4;&#xBAE;&#xBBF;&#xBB4;&#xBBF;&#xBB2;&#xBCD;</subfield>
  </datafield>
  <datafield tag="942" ind1=" " ind2=" ">
    <subfield code="2">ddc</subfield>
    <subfield code="c">B</subfield>
  </datafield>
  <datafield tag="999" ind1=" " ind2=" ">
    <subfield code="c">190386</subfield>
    <subfield code="d">190386</subfield>
  </datafield>
  <datafield tag="952" ind1=" " ind2=" ">
    <subfield code="0">0</subfield>
    <subfield code="7">0</subfield>
    <subfield code="b">PPAK</subfield>
    <subfield code="c">G</subfield>
    <subfield code="d">2023-01-02</subfield>
    <subfield code="l">0</subfield>
    <subfield code="o">954.053092 ABD</subfield>
    <subfield code="p">A01763437</subfield>
    <subfield code="r">2023-01-02 00:00:00</subfield>
    <subfield code="y">B</subfield>
  </datafield>
  <datafield tag="952" ind1=" " ind2=" ">
    <subfield code="0">0</subfield>
    <subfield code="7">0</subfield>
    <subfield code="b">SP</subfield>
    <subfield code="c">G</subfield>
    <subfield code="d">2023-01-02</subfield>
    <subfield code="l">2</subfield>
    <subfield code="m">1</subfield>
    <subfield code="o">954.053092 ABD</subfield>
    <subfield code="p">A01763438</subfield>
    <subfield code="q">2024-07-16</subfield>
    <subfield code="r">2024-06-25 17:13:33</subfield>
    <subfield code="s">2024-06-25</subfield>
    <subfield code="y">B</subfield>
  </datafield>
</record>
